Yüklüyor......

Legal theory

Detaylı Bibliyografya
Yazar: Friedman, W
Baskı/Yayın Bilgisi: Universal law publishing 2008
LEADER 00196 a2200097 4500
020
260 |b Universal law publishing  |c 2008 
942 |c BK  |6 _ 
245 |a Legal theory 
100 |a Friedman, W 
999 |c 57015  |d 57015